| 000 | 00573nam a2200169Ia 4500 | ||
|---|---|---|---|
| 008 | 220501s2021 xx 000 0 eng d | ||
| 020 | _a9789390219810 | ||
| 082 | _a658.4012 PRI-P | ||
| 100 | _aPrince, Jeffrey T | ||
| 245 | 0 |
_aPredictive analytics for business strategy : _breasoning from data to actionable knowledge / _cJeffrey T. Prince and Amarnath Bose |
|
| 260 |
_aChennai : _bMcGraw Hill, _c2021. |
||
| 300 | _axx, 360 p. ; | ||
| 650 | _aBusiness planning - Study and teaching | ||
| 650 | _aQuantitative research | ||
| 700 | _aBose, Amarnath | ||
| 942 |
_2ddc _cREF |
||
| 999 |
_c18466 _d18466 |
||